[Event "Elit(Kamraterna-Vasteras)"]
[Site "?"]
[Date "2009.02.28"]
[Round "8"]
[White "Norberg, Johan"]
[Black "Akbarinia, Arash"]
[Result "1-0"]
[WhiteElo "2364"]
[BlackElo "2389"]
[PlyCount "153"]

1. e4 d5 2. exd5 Qxd5 3. Nc3 Qd8 4. d4 c6 5. Bc4 Nf6 6. Nf3 Bf5 7. Ne2 e6 8.
Ng3 Bg6 9. Qe2 Nbd7 10. h4 h6 11. h5 Bh7 12. Bb3 Bd6 13. Nf1 Qc7 14. Bd2 Ne4
15. Be3 a5 16. a4 Ndf6 17. N1d2 Nxd2 18. Nxd2 O-O 19. Nc4 Bf4 20. Bxf4 Qxf4 21.
Qe5 Qg4 22. Ne3 Qe4 23. O-O-O Rfd8 24. f3 Qxe5 25. dxe5 Nd5 26. Nc4 Kf8 27. Rh4
f6 28. Rhd4 Ke7 29. Rg4 Rg8 30. exf6+ gxf6 31. Rxg8 Bxg8 32. Rd4 e5 33. Rg4 Bf7
34. Kd2 b6 35. Ne3 Rh8 36. Rh4 Be6 37. Rh1 Rg8 38. g4 Rd8 39. Nxd5+ cxd5 40.
Re1 Kd6 41. c3 Rf8 42. Bc2 Bd7 43. b3 Be6 44. Rb1 Kc7 45. Re1 Rd8 46. f4 Kd6
47. fxe5+ fxe5 48. Rg1 Rf8 49. Bf5 Bf7 50. g5 hxg5 51. Rxg5 Rh8 52. Bg6 Be6 53.
Kd3 Bd7 54. Bf7 Rf8 55. Bg6 Rf3+ 56. Kd2 Rh3 57. Bf5 Rh2+ 58. Ke3 Bxf5 59. Rxf5
Ke6 60. Rg5 Kf6 61. Rg6+ Kf5 62. Rxb6 Rxh5 63. Rb5 Rh3+ 64. Kd2 Ke4 65. Rxa5
Rh2+ 66. Kc1 Rg2 67. Ra8 Kd3 68. Rd8 d4 69. cxd4 e4 70. d5 e3 71. Re8 Rg6 72.
a5 e2 73. Kb2 Rg4 74. d6 Rd4 75. a6 Rxd6 76. a7 Ra6 77. a8=Q 1-0

[Event "Elit(Kamraterna-Vasteras)"]
[Site "?"]
[Date "2009.02.28"]
[Round "8"]
[White "Svenn, Gosta"]
[Black "Nygren, Kim"]
[Result "0-1"]
[WhiteElo "2378"]
[BlackElo "2295"]
[PlyCount "80"]

1. d4 Nf6 2. Nf3 g6 3. c4 Bg7 4. Nc3 O-O 5. e4 d6 6. Be2 e5 7. O-O Nc6 8. d5
Ne7 9. Ne1 Nd7 10. Nd3 f5 11. a4 Nf6 12. f3 f4 13. c5 g5 14. a5 Ng6 15. a6 bxa6
16. Nb4 Nd7 17. Nc6 Qf6 18. cxd6 cxd6 19. Bxa6 Bxa6 20. Rxa6 g4 21. b4 gxf3 22.
gxf3 Nh4 23. Kh1 Rf7 24. Rg1 Kh8 25. Qf1 Bh6 26. Qh3 Nb6 27. Bd2 Bg5 28. Be1 h6
29. Nb5 Nc4 30. Rxa7 Raxa7 31. Nbxa7 Ng6 32. b5 Rg7 33. Qe6 Kh7 34. Qxf6 Bxf6
35. Bf2 Rb7 36. b6 Bh4 37. Bxh4 Nxh4 38. Rc1 Rxb6 39. h3 Rb2 40. Rf1 Ne3 0-1

[Event "Elit(Kamraterna-Vasteras)"]
[Site "?"]
[Date "2009.02.28"]
[Round "8"]
[White "Norberg, Erik"]
[Black "Svenn, Matti"]
[Result "1-0"]
[WhiteElo "2289"]
[BlackElo "2260"]
[PlyCount "157"]

1. g3 d5 2. Bg2 c6 3. Nf3 Bg4 4. O-O Nd7 5. d3 Ngf6 6. c4 e6 7. Nc3 Bd6 8. b3
O-O 9. Bb2 Qe7 10. h3 Bxf3 11. Bxf3 Ba3 12. Qc2 Bxb2 13. Qxb2 d4 14. Ne4 Nxe4
15. Bxe4 e5 16. Bg2 f5 17. e3 dxe3 18. fxe3 Qg5 19. Qf2 Nc5 20. h4 Qg6 21. e4
Nxd3 22. exf5 Qd6 23. Rad1 Rad8 24. Qe3 Qd4 25. Rf3 e4 26. Qxd4 Rxd4 27. Re3
Rfd8 28. Rxe4 R4d7 29. Re2 Nc5 30. Rxd7 Rxd7 31. Re5 Nd3 32. Re2 Nc5 33. b4 Na4
34. Re3 Nb2 35. Bf1 Kf7 36. Rb3 Rd2 37. b5 cxb5 38. Rxb5 b6 39. c5 bxc5 40.
Rxc5 Kf6 41. g4 h6 42. Rc6+ Ke5 43. Rc7 h5 44. Re7+ Kf6 45. Re6+ Kf7 46. g5 Rd5
47. Bh3 Rd3 48. Bg2 Nc4 49. Ra6 Rd1+ 50. Kh2 Ne3 51. Rxa7+ Kf8 52. Bh3 Rd2+ 53.
Kg1 Nc2 54. Ra8+ Ke7 55. f6+ gxf6 56. g6 Nd4 57. Bg2 Nf5 58. Be4 Ng7 59. Ra7+
Kf8 60. Rf7+ Kg8 61. Rxf6 Ne8 62. Re6 Nc7 63. Re7 Nb5 64. Bc6 Nd6 65. Bd7 Kf8
66. g7+ Kxe7 67. g8=Q Kxd7 68. Qg7+ Ke6 69. a4 Re2 70. a5 Re4 71. Qg6+ Kd7 72.
Qxh5 Ra4 73. Qg5 Ra1+ 74. Kg2 Ra2+ 75. Kf1 Kc6 76. h5 Nc4 77. Qf4 Nd2+ 78. Ke1
Nb3 79. Qc4+ 1-0

[Event "Elit(Kamraterna-Vasteras)"]
[Site "?"]
[Date "2009.02.28"]
[Round "8"]
[White "Madebrink, Lars"]
[Black "Janse, Rasmus"]
[Result "1-0"]
[WhiteElo "2270"]
[BlackElo "2263"]
[PlyCount "55"]

1. d4 e6 2. c4 c5 3. Nf3 Nf6 4. g3 b6 5. d5 exd5 6. cxd5 b5 7. Bg2 Bb7 8. e4
Nxe4 9. Qe2 Qe7 10. O-O Nf6 11. Qd3 Qd6 12. Re1+ Be7 13. Nh4 c4 14. Qd1 g6 15.
Bf4 Qb4 16. d6 Bxg2 17. Nxg2 Nc6 18. Nc3 Qxb2 19. Nd5 Nxd5 20. Qxd5 O-O 21.
dxe7 Rfe8 22. Rab1 Qxa2 23. Rxb5 a6 24. Rc5 Rac8 25. Qxd7 Qa4 26. Bd6 c3 27.
Rxc3 Nd4 28. Qxa4 1-0

[Event "Elit(Kamraterna-Vasteras)"]
[Site "?"]
[Date "2009.02.28"]
[Round "8"]
[White "Kimari, Patrick"]
[Black "Haggstrom, Olle"]
[Result "1-0"]
[WhiteElo "2134"]
[BlackElo "2228"]
[PlyCount "49"]

1. e4 e6 2. d4 d5 3. Nc3 Nc6 4. e5 f6 5. Nf3 Bd7 6. Be2 Qe7 7. Bf4 O-O-O 8. O-O
Qf7 9. exf6 Nxf6 10. Nb5 Ne8 11. Bg3 a6 12. a4 axb5 13. axb5 Nb8 14. Ra8 Bd6
15. Qa1 Bxb5 16. Bxb5 c6 17. Bd3 Nc7 18. Ra7 Nb5 19. Bxb5 cxb5 20. Qa5 Qe8 21.
Ra1 Bxg3 22. hxg3 Rd6 23. Ne5 Ra6 24. Qc3+ Kd8 25. R1xa6 1-0

[Event "Elit(Kamraterna-Vasteras)"]
[Site "?"]
[Date "2009.02.28"]
[Round "8"]
[White "Martensson, Ulf"]
[Black "Janse, Love"]
[Result "1-0"]
[WhiteElo "2118"]
[BlackElo "2217"]
[PlyCount "41"]

1. d4 f5 2. g3 Nf6 3. Bg2 d6 4. Nf3 g6 5. O-O Bg7 6. Nbd2 Nc6 7. Re1 O-O 8. e4
fxe4 9. Nxe4 Nxe4 10. Rxe4 Bf5 11. Re1 Bg4 12. c3 Kh8 13. h3 Bf5 14. d5 Ne5 15.
Nxe5 Bxe5 16. Bh6 Re8 17. Qd2 Qc8 18. Rxe5 dxe5 19. Qe3 Rf8 20. Qxe5+ Rf6 21.
Qxe7 1-0

[Event "Elit(Farsta-Limhamn)"]
[Site "?"]
[Date "2009.03.13"]
[Round "9"]
[White "Hector, Jonny"]
[Black "Jaderberg, Bjorn"]
[Result "1-0"]
[WhiteElo "2614"]
[BlackElo "2220"]
[PlyCount "69"]
[SourceDate "2009.03.16"]

1. e4 c5 2. Nf3 Nc6 3. Nc3 g6 4. d4 cxd4 5. Nxd4 Bg7 6. Be3 Nf6 7. Bc4 O-O 8.
Bb3 Ng4 9. Qxg4 Nxd4 10. Qd1 Nxb3 11. axb3 a6 12. O-O d6 13. Qd2 Be6 14. f4
Bxc3 15. bxc3 f5 16. exf5 Rxf5 17. Rae1 Qd7 18. Bd4 Rf7 19. c4 h5 20. Bb2 Bf5
21. h3 h4 22. Re2 Kf8 23. Rfe1 Rh7 24. Qd4 Re8 25. Ba3 Rd8 26. c5 dxc5 27. Qxc5
Qd4+ 28. Qxd4 Rxd4 29. Bxe7+ Kf7 30. Bg5 Rd7 31. c4 Rc7 32. Re8 Rg7 33. Bxh4
Bc8 34. Bd8 Rd7 35. Bb6 1-0

[Event "Elit(Farsta-Limhamn)"]
[Site "?"]
[Date "2009.03.13"]
[Round "9"]
[White "Hjelm, Niclas"]
[Black "Ahlander, Bjorn"]
[Result "1/2-1/2"]
[WhiteElo "2382"]
[BlackElo "2524"]
[PlyCount "39"]

1. d4 Nf6 2. c4 e6 3. Nf3 d5 4. Nc3 Be7 5. Bg5 O-O 6. e3 h6 7. Bh4 b6 8. Bd3
Bb7 9. O-O Nbd7 10. Bg3 Ne4 11. Bxe4 dxe4 12. Nd2 f5 13. Nb5 e5 14. dxe5 Nc5
15. Nd4 Qc8 16. N2b3 Nd3 17. Nc1 Nc5 18. Ncb3 Nd3 19. Nc1 Nc5 20. Ncb3 1/2-1/2

[Event "Elit(Farsta-Limhamn)"]
[Site "?"]
[Date "2009.03.13"]
[Round "9"]
[White "Brynell, Stellan"]
[Black "Wieweg, Johnny"]
[Result "1-0"]
[WhiteElo "2586"]
[BlackElo "2203"]
[PlyCount "47"]

1. d4 Nf6 2. c4 g6 3. g3 d5 4. cxd5 Nxd5 5. Bg2 Bg7 6. e4 Nb6 7. Ne2 O-O 8. O-O
Nc6 9. d5 Na5 10. Nbc3 c6 11. b3 cxd5 12. exd5 Bf5 13. Ba3 Rc8 14. Bb4 Nd7 15.
Qd2 b6 16. Nd4 Re8 17. Rac1 Nc5 18. Nxf5 gxf5 19. Qe3 e5 20. Rfd1 e4 21. Nb5
Nd3 22. Rxc8 Qxc8 23. Nd6 Qc2 24. Rxd3 1-0

[Event "Elit(Farsta-Limhamn)"]
[Site "?"]
[Date "2009.03.13"]
[Round "9"]
[White "Ong, Kezli"]
[Black "Schneider, Stefan"]
[Result "0-1"]
[WhiteElo "2320"]
[BlackElo "2451"]
[PlyCount "78"]

1. e4 Nf6 2. e5 Nd5 3. d4 Nb6 4. f4 d6 5. Nf3 dxe5 6. fxe5 Bg4 7. Be2 e6 8. O-O
Be7 9. a4 a5 10. b3 O-O 11. Ba3 c5 12. dxc5 Nd5 13. Qd4 Bxf3 14. Bxf3 Nc6 15.
Qb2 Ncb4 16. c3 Bxc5+ 17. Kh1 Nd3 18. Qe2 N5f4 19. Qe4 Ng6 20. Be2 Nf2+ 21.
Rxf2 Bxf2 22. Bxf8 Kxf8 23. Na3 Qb6 24. Nb5 Rd8 25. Rf1 Qe3 26. Qxe3 Bxe3 27.
Nd6 Nxe5 28. Nxb7 Rd2 29. Bb5 Bb6 30. h3 Nd3 31. Rb1 Nf4 32. Bc6 Ne2 33. c4 Nd4
34. Be4 Ke7 35. c5 Bc7 36. Kg1 Ne2+ 37. Kf1 Nc3 38. Re1 Bg3 39. Re3 Rd1+ 0-1

[Event "Elit(Farsta-Limhamn)"]
[Site "?"]
[Date "2009.03.13"]
[Round "9"]
[White "Jepson, Christian"]
[Black "Lagerborg, Krister"]
[Result "1-0"]
[WhiteElo "2438"]
[BlackElo "2066"]
[PlyCount "57"]

1. d4 Nf6 2. c4 g6 3. Nc3 Bg7 4. e4 d6 5. f4 O-O 6. Nf3 c5 7. dxc5 dxc5 8. Bd3
Nc6 9. e5 Nb4 10. Bb1 Qxd1+ 11. Nxd1 Ng4 12. h3 Nh6 13. a3 Nc6 14. Be3 Na5 15.
Ba2 b6 16. b4 Nb7 17. Nc3 Rd8 18. Rd1 Bf5 19. Ke2 Kf8 20. g4 Bd7 21. Rd2 Bc6
22. Rhd1 cxb4 23. axb4 f6 24. Nd4 Bd7 25. e6 Bc8 26. Ncb5 Nd6 27. Nc7 Rb8 28.
Nc6 Rb7 29. Rxd6 1-0

[Event "Elit(Farsta-Limhamn)"]
[Site "?"]
[Date "2009.03.13"]
[Round "9"]
[White "Hedin, Gunnar"]
[Black "Tadjerbashi, Amir"]
[Result "1/2-1/2"]
[WhiteElo "2146"]
[BlackElo "2260"]
[PlyCount "89"]

1. d4 d5 2. c4 c6 3. Nf3 e6 4. e3 Nf6 5. Nc3 Nbd7 6. Qc2 Bd6 7. Be2 O-O 8. O-O
Qe7 9. Rd1 a6 10. e4 dxe4 11. Nxe4 Nxe4 12. Qxe4 e5 13. c5 Bc7 14. dxe5 Nxe5
15. Nxe5 Qxe5 16. Qxe5 Bxe5 17. Bc4 Bf5 18. a4 Rad8 19. Bg5 Rxd1+ 20. Rxd1 Bxb2
21. f3 h6 22. Be3 Bf6 23. g4 Bc8 24. Bf2 Rd8 25. Rxd8+ Bxd8 26. Bd4 Kf8 27. Kf2
Bc7 28. h4 f5 29. Be2 Be6 30. Bd1 Bf4 31. h5 Kf7 32. Bc3 Bg5 33. gxf5 Bxf5 34.
Bb3+ Kf8 35. Be5 Bf6 36. Bxf6 gxf6 37. a5 Ke7 38. Kg3 Be6 39. Bc2 Ba2 40. Bf5
Kf7 41. Bc8 Bc4 42. Bxb7 Bb5 43. Bc8 Ke7 44. Kf4 Kf7 45. Bb7 1/2-1/2

[Event "Elit(Farsta-Limhamn)"]
[Site "?"]
[Date "2009.03.13"]
[Round "9"]
[White "Penalver, Osmani"]
[Black "Iversen, Kent"]
[Result "1-0"]
[WhiteElo "2279"]
[BlackElo "2050"]
[PlyCount "71"]

1. d4 Nf6 2. c4 e5 3. dxe5 Ng4 4. Nf3 Bc5 5. e3 Nc6 6. a3 a5 7. b3 Ngxe5 8. Bb2
d6 9. Nxe5 Nxe5 10. Be2 O-O 11. O-O Re8 12. Nc3 Bd7 13. Nd5 c6 14. b4 Ba7 15.
Nf4 Qe7 16. Qd2 Rad8 17. Qc3 Qg5 18. Rfd1 Bg4 19. Bxg4 Nxg4 20. c5 f6 21. h3
Ne5 22. cxd6 b5 23. Qb3+ Nc4 24. Bd4 a4 25. Qa2 Bxd4 26. Rxd4 Kh8 27. Rad1 Rd7
28. Qc2 Ne5 29. Kf1 Qh6 30. Qc5 g5 31. Nd3 Nc4 32. Qxc6 Red8 33. Nc5 g4 34.
hxg4 Rg7 35. Ne6 Rxg4 36. Rxg4 1-0

[Event "Elit(Farsta-Limhamn)"]
[Site "?"]
[Date "2009.03.13"]
[Round "9"]
[White "Ong, Kevin"]
[Black "Nylen, Anders"]
[Result "1-0"]
[WhiteElo "2038"]
[BlackElo "2244"]
[PlyCount "53"]

1. e4 c5 2. c3 Nf6 3. e5 Nd5 4. d4 cxd4 5. cxd4 b6 6. Nc3 Nxc3 7. bxc3 Qc7 8.
Bd2 e6 9. f4 Bb7 10. Nf3 d5 11. Bd3 Nc6 12. O-O g6 13. Ng5 Na5 14. f5 gxf5 15.
Qh5 Qe7 16. Nxe6 Qxe6 17. Bxf5 Qe7 18. Bg5 Qc7 19. Be6 h6 20. Rxf7 hxg5 21.
Qxh8 Qxf7 22. Bxf7+ Kxf7 23. Rf1+ Ke7 24. Qh7+ Ke8 25. Qf7+ Kd8 26. Qxf8+ Kd7
27. Qd6+ 1-0

[Event "Elit(Kamraterna-Solna)"]
[Site "?"]
[Date "2009.03.13"]
[Round "9"]
[White "Lindberg, Bengt"]
[Black "Svensson, Bengt"]
[Result "0-1"]
[WhiteElo "2426"]
[BlackElo "2479"]
[PlyCount "54"]

1. e4 c5 2. Nf3 d6 3. d4 cxd4 4. Nxd4 Nf6 5. Nc3 a6 6. Be3 e6 7. f3 b5 8. Qd2
Nbd7 9. g4 h6 10. O-O-O Bb7 11. h4 b4 12. Na4 d5 13. Bh3 dxe4 14. g5 hxg5 15.
hxg5 exf3 16. Bxe6 Rxh1 17. Rxh1 f2 18. Rf1 Ne4 19. Qd1 fxe6 20. Qh5+ Ke7 21.
Qg4 Bd5 22. Nxe6 Qa5 23. Nf4 Qb5 24. Qg2 Bc6 25. b3 Nd2 26. Qg4 Qxf1+ 27. Kxd2
Qe1+ 0-1

[Event "Elit(Kamraterna-Solna)"]
[Site "?"]
[Date "2009.03.13"]
[Round "9"]
[White "Svenn, Gosta"]
[Black "Bergstrom, Christer"]
[Result "1/2-1/2"]
[WhiteElo "2378"]
[BlackElo "2367"]
[PlyCount "60"]

1. d4 Nf6 2. c4 e6 3. Nf3 b6 4. g3 Bb7 5. Bg2 Be7 6. O-O O-O 7. Nc3 Ne4 8. Nxe4
Bxe4 9. Ne1 Bxg2 10. Nxg2 d5 11. cxd5 Qxd5 12. Bf4 Nc6 13. Rc1 Rfd8 14. Ne3 Qd7
15. d5 exd5 16. Nxd5 Qxd5 17. Qxd5 Rxd5 18. Rxc6 g5 19. Be3 Bd6 20. Rfc1 Re8
21. R1c4 a5 22. Kg2 f6 23. h4 h6 24. b3 Re7 25. hxg5 hxg5 26. Kf3 Kf7 27. Rd4
Rxd4 28. Bxd4 g4+ 29. Kg2 Rxe2 30. Bxb6 cxb6 1/2-1/2

[Event "Elit(Kamraterna-Solna)"]
[Site "?"]
[Date "2009.03.13"]
[Round "9"]
[White "Karlsson, Tomas"]
[Black "Hamark, Jesper"]
[Result "1/2-1/2"]
[WhiteElo "2293"]
[BlackElo "2378"]
[PlyCount "52"]

1. e4 Nf6 2. Nc3 e5 3. Nf3 Nc6 4. Bb5 Nd4 5. Ba4 c6 6. d3 Qa5 7. Bd2 Bb4 8. Bb3
d6 9. h3 Nxb3 10. axb3 Qc7 11. O-O O-O 12. Nb5 cxb5 13. Bxb4 Re8 14. Bd2 a6 15.
Bg5 Nd7 16. Qd2 Nf8 17. Qc3 Qxc3 18. bxc3 Bd7 19. c4 Ne6 20. cxb5 Bxb5 21. Be3
Rec8 22. Rfc1 g6 23. Ng5 Bd7 24. Nxe6 Bxe6 25. c4 f6 26. b4 Bd7 1/2-1/2

[Event "Elit(Kamraterna-Solna)"]
[Site "?"]
[Date "2009.03.13"]
[Round "9"]
[White "Andreasson, Ingvar"]
[Black "Jonsson, Mikael"]
[Result "1-0"]
[WhiteElo "2414"]
[BlackElo "2336"]
[PlyCount "121"]
[SourceDate "2009.03.16"]

1. b3 d5 2. Bb2 Bf5 3. e3 e6 4. Nf3 Nf6 5. Be2 h6 6. c4 Nbd7 7. O-O Be7 8. Nc3
O-O 9. d4 c6 10. a3 a5 11. Bd3 Bxd3 12. Qxd3 Re8 13. Rfd1 Qb6 14. Nd2 e5 15.
cxd5 cxd5 16. Na4 Qe6 17. dxe5 Nxe5 18. Bxe5 Qxe5 19. Nf3 Qb8 20. Nb6 Ra6 21.
Qb5 Rd8 22. g3 Qd6 23. Na4 Qc6 24. Nd4 Qxb5 25. Nxb5 Rc8 26. Kg2 Ne4 27. Ra2
Nf6 28. h3 Kf8 29. Rad2 Re6 30. Ra2 Ra6 31. Nd4 g6 32. Nb5 Re6 33. g4 Ra6 34.
Nd4 Rc7 35. f4 Rc8 36. Kf3 Ne4 37. Nb5 Nf6 38. h4 Rac6 39. g5 hxg5 40. hxg5 Nh5
41. Rad2 Rc2 42. Nb6 Rxd2 43. Rxd2 Rc1 44. Nxd5 Bc5 45. b4 axb4 46. axb4 Be7
47. Ra2 f5 48. Ra8+ Kf7 49. Rb8 Bf8 50. Nd4 Rf1+ 51. Kg2 Rd1 52. Rxb7+ Kg8 53.
Nf6+ Nxf6 54. gxf6 Ra1 55. b5 Ra8 56. Ne6 Kh8 57. Ng5 Kg8 58. Rh7 Ra2+ 59. Kf3
Be7 60. Rg7+ Kh8 61. Nf7# 1-0

[Event "Elit(Kamraterna-Solna)"]
[Site "?"]
[Date "2009.03.13"]
[Round "9"]
[White "Landgren, Andreas"]
[Black "Akbarinia, Arash"]
[Result "0-1"]
[WhiteElo "2210"]
[BlackElo "2389"]
[PlyCount "80"]

1. d4 d5 2. c4 e6 3. Nc3 Be7 4. Nf3 Nf6 5. Bf4 O-O 6. e3 c5 7. dxc5 Bxc5 8. Qc2
Qa5 9. a3 a6 10. Nd2 Be7 11. Be2 Nc6 12. O-O Qb6 13. Rfd1 d4 14. Na4 Qa7 15.
Nf3 Bd7 16. exd4 b5 17. Nc3 bxc4 18. Bxc4 Rfc8 19. Qe2 Na5 20. Ne5 Nxc4 21.
Nxc4 Bc6 22. Ne5 Bb7 23. Bg5 h6 24. Bxf6 Bxf6 25. Qh5 Rc7 26. Rd3 Rd8 27. Rad1
Qb6 28. Ng4 Bg5 29. h4 Bf4 30. Ne2 Bd6 31. b4 Rc2 32. Ng3 Bb8 33. Nxh6+ gxh6
34. Qxh6 Qd6 35. Rf3 Bxf3 36. gxf3 Qf4 37. Qh5 Rd5 38. Qg4+ Qxg4 39. fxg4 Bxg3
40. fxg3 e5 0-1

[Event "Elit(Kamraterna-Solna)"]
[Site "?"]
[Date "2009.03.13"]
[Round "9"]
[White "Madebrink, Lars"]
[Black "Johansson, Gunnar"]
[Result "1-0"]
[WhiteElo "2270"]
[BlackElo "2255"]
[PlyCount "115"]

1. d4 d5 2. c4 c6 3. Nf3 Nf6 4. Qc2 g6 5. e3 Bg7 6. Bd3 O-O 7. O-O Na6 8. a3
dxc4 9. Qxc4 c5 10. Nc3 Bg4 11. Be2 cxd4 12. exd4 Nc7 13. h3 Be6 14. Qa4 Ncd5
15. Ng5 Bf5 16. Qb3 b6 17. Bc4 e6 18. g4 Nxc3 19. gxf5 Nce4 20. fxe6 Nxg5 21.
Bxg5 fxe6 22. Bxe6+ Kh8 23. d5 Qd6 24. Qb4 Qe5 25. Bf4 Qe2 26. Rfe1 Qf3 27. Re3
Nxd5 28. Rxf3 Nxb4 29. axb4 g5 30. Bd5 Rad8 31. Bxg5 Rxd5 32. Rxf8+ Bxf8 33.
Bf6+ Bg7 34. Bxg7+ Kxg7 35. Rxa7+ Kg6 36. Rc7 Rb5 37. Rc4 Kf5 38. Kg2 Rd5 39.
Rh4 Kg6 40. Kf3 Rd3+ 41. Ke4 Rd2 42. Rg4+ Kh5 43. f4 Rxb2 44. Rg5+ Kh4 45. Rb5
Kxh3 46. Rxb6 Kg4 47. Rb7 h5 48. f5 Re2+ 49. Kd3 Rf2 50. Rg7+ Kf4 51. f6 Ke5
52. f7 Kd6 53. Kc4 Kc6 54. b5+ Kb6 55. Kd5 Kxb5 56. Rg5 h4 57. Ke6+ Kc4 58. Rf5
1-0

[Event "Elit(Kamraterna-Solna)"]
[Site "?"]
[Date "2009.03.13"]
[Round "9"]
[White "Steneskog, Per"]
[Black "Haggstrom, Olle"]
[Result "1/2-1/2"]
[WhiteElo "2159"]
[BlackElo "2228"]
[PlyCount "30"]

1. d4 d5 2. c4 c6 3. Nc3 Nf6 4. Nf3 dxc4 5. e4 b5 6. e5 Nd5 7. a4 h6 8. axb5
Nxc3 9. bxc3 cxb5 10. Nd2 Be6 11. Be2 Bd5 12. Ba3 Nd7 13. e6 Bxe6 14. Bf3 Nb6
15. Qb1 a6 1/2-1/2

[Event "Elit(Kamraterna-Solna)"]
[Site "?"]
[Date "2009.03.13"]
[Round "9"]
[White "Svenn, Matti"]
[Black "Dalmau, Jorgen"]
[Result "1/2-1/2"]
[WhiteElo "2260"]
[BlackElo "2227"]
[PlyCount "97"]

1. e4 e5 2. Nf3 Nc6 3. Bb5 a6 4. Ba4 Nf6 5. d3 b5 6. Bb3 Be7 7. c3 d6 8. Nbd2
O-O 9. Nf1 Na5 10. Bc2 c5 11. Ng3 Re8 12. O-O Bf8 13. h3 Bb7 14. Nf5 d5 15. Qe2
c4 16. dxc4 dxe4 17. Ng5 Qc8 18. Ng3 Qxc4 19. Qxc4 Nxc4 20. N5xe4 Nxe4 21. Bxe4
Bxe4 22. Nxe4 f5 23. Nd2 Nxd2 24. Bxd2 Red8 25. Rfd1 Rd7 26. Be1 Rad8 27. Rxd7
Rxd7 28. a4 Kf7 29. axb5 axb5 30. Ra6 Rd1 31. Kf1 b4 32. Rb6 bxc3 33. bxc3 Rd6
34. Rb7+ Ke6 35. Ke2 h5 36. Bd2 Be7 37. Rc7 g6 38. c4 Ra6 39. Rc8 Kd7 40. Rg8
Rc6 41. f3 e4 42. fxe4 fxe4 43. Be3 Bb4 44. g4 hxg4 45. hxg4 Rxc4 46. Rxg6 Rc2+
47. Kf1 Ke7 48. Rb6 Bd2 49. Bxd2 1/2-1/2

[Event "Elit(Upsala-Manhem)"]
[Site "?"]
[Date "2009.03.13"]
[Round "9"]
[White "Carlhammar, Magnus"]
[Black "Johansson, Jan"]
[Result "0-1"]
[WhiteElo "2371"]
[BlackElo "2464"]
[PlyCount "76"]

1. Nf3 d5 2. g3 Nf6 3. Bg2 e6 4. O-O Be7 5. d4 O-O 6. c4 dxc4 7. Qc2 a6 8. Qxc4
b5 9. Qc2 Bb7 10. Bf4 Nc6 11. Rd1 Nb4 12. Qc1 Rc8 13. Nc3 Nbd5 14. Nxd5 Bxd5
15. Be3 Ng4 16. Bg5 f6 17. Bf4 c5 18. h3 cxd4 19. Qb1 Nxf2 20. Kxf2 e5 21. Bc1
Bc5 22. Kf1 Qd6 23. Nd2 f5 24. b4 Bxg2+ 25. Kxg2 Bb6 26. Nf3 Rc4 27. Qb3 Kh8
28. Bb2 Bc7 29. Rac1 Bb8 30. Nd2 Rfc8 31. Kh2 e4 32. Nf1 Ba7 33. Nd2 Bb8 34.
Nf1 Qc7 35. Qa3 f4 36. Kg2 f3+ 37. exf3 e3 38. Nxe3 Qxg3+ 0-1

[Event "Elit(Upsala-Manhem)"]
[Site "?"]
[Date "2009.03.13"]
[Round "9"]
[White "Glimbrandt, Torbjorn"]
[Black "Akesson, Joel"]
[Result "1/2-1/2"]
[WhiteElo "2320"]
[BlackElo "2382"]
[PlyCount "88"]
[EventDate "2009.??.??"]

1. d4 d5 2. c4 c6 3. Nf3 Nf6 4. e3 Bg4 5. Nc3 e6 6. h3 Bxf3 7. Qxf3 Nbd7 8. Bd3
Bd6 9. O-O O-O 10. Rd1 Qe7 11. b3 Rfe8 12. Bf1 Bb4 13. Bb2 e5 14. cxd5 e4 15.
Qe2 cxd5 16. Nb5 Nf8 17. Rdc1 Ne6 18. Bc3 Bxc3 19. Nxc3 a6 20. Qb2 Qd6 21. a4
g5 22. Qa3 Qxa3 23. Rxa3 Rac8 24. Raa1 Rc7 25. Ne2 Rec8 26. Rxc7 Rxc7 27. Rc1
Rxc1 28. Nxc1 Ne8 29. b4 Nd6 30. Na2 Nc7 31. Nc3 b5 32. g4 Kf8 33. Be2 Ke7 34.
Kg2 Ke6 35. axb5 axb5 36. f3 exf3+ 37. Kxf3 h6 38. e4 dxe4+ 39. Nxe4 Nxe4 40.
Kxe4 Nd5 41. Bf1 Kd6 42. Bd3 Ke6 43. Bf1 Kd6 44. Bd3 Ke6 1/2-1/2

[Event "Elit(Upsala-Manhem)"]
[Site "?"]
[Date "2009.03.13"]
[Round "9"]
[White "Nithander, Victor"]
[Black "Andersson, Fredrik"]
[Result "1/2-1/2"]
[WhiteElo "2465"]
[BlackElo "2308"]
[PlyCount "128"]

1. e4 e5 2. Nf3 Nc6 3. Bb5 a6 4. Ba4 Nf6 5. O-O Be7 6. Re1 b5 7. Bb3 d6 8. c3
O-O 9. h3 Nb8 10. d4 Nbd7 11. Nbd2 Bb7 12. Bc2 Re8 13. Nf1 Bf8 14. Ng3 g6 15.
a4 c5 16. d5 c4 17. Be3 Nc5 18. Nd2 Nfd7 19. Rf1 Bg7 20. Kh1 Qc7 21. Ra2 Nb6
22. axb5 axb5 23. Rxa8 Rxa8 24. f4 Nd3 25. fxe5 Nxe5 26. Nf3 Na4 27. Bxa4 bxa4
28. Bd4 h6 29. Nxe5 dxe5 30. Be3 Bc8 31. Qd2 Kh7 32. Qf2 Kg8 33. Bc5 Ra6 34. d6
Qb7 35. Bb4 Be6 36. Rd1 Qd7 37. Kh2 Rc6 38. Nf1 Bf8 39. Qd2 Rb6 40. Ne3 Rb5 41.
Qe2 Qc6 42. Ng4 Bg7 43. Qf3 f5 44. exf5 Qxf3 45. gxf3 gxf5 46. d7 Bxd7 47. Rxd7
fxg4 48. hxg4 e4 49. f4 Rb8 50. Kg3 Bf8 51. Bxf8 Kxf8 52. Ra7 Rxb2 53. Rxa4 Rb1
54. Kf2 Rd1 55. Rxc4 Rd3 56. Rxe4 Rxc3 57. Re3 Rc4 58. Kf3 Kf7 59. f5 h5 60.
gxh5 Kf6 61. Re4 Rc5 62. Kg4 Rxf5 63. Ra4 Rb5 64. h6 Kg6 1/2-1/2

[Event "Elit(Upsala-Manhem)"]
[Site "?"]
[Date "2009.03.13"]
[Round "9"]
[White "Lundvik, Jonas"]
[Black "Andersson, Bjorn"]
[Result "1-0"]
[WhiteElo "2353"]
[BlackElo "2353"]
[PlyCount "70"]

1. Nf3 Nf6 2. d4 g6 3. g3 Bg7 4. Bg2 O-O 5. O-O d6 6. c4 Nc6 7. Nc3 Bf5 8. d5
Na5 9. Nd4 Bd7 10. Qd3 c5 11. Nc2 a6 12. e4 b5 13. Ne3 Rb8 14. h3 Qc8 15. Kh2
bxc4 16. Qe2 e6 17. dxe6 Bxe6 18. f4 Nc6 19. f5 Nd4 20. Qf2 Bd7 21. g4 Bc6 22.
Nxc4 Nxe4 23. Nxe4 d5 24. f6 Bh8 25. Nxc5 dxc4 26. Qxd4 Bxg2 27. Kxg2 Rd8 28.
Qf2 Qc6+ 29. Kg3 Rd5 30. Be3 Re8 31. Rae1 Qd6+ 32. Bf4 Qd8 33. g5 h6 34. h4 Rf5
35. Nb7 Qa8 1-0

[Event "Elit(Upsala-Manhem)"]
[Site "?"]
[Date "2009.03.13"]
[Round "9"]
[White "Olausson, Claes-Goran"]
[Black "Burwick, Malte"]
[Result "1/2-1/2"]
[WhiteElo "2369"]
[BlackElo "2304"]
[PlyCount "34"]

1. d4 g6 2. g3 Bg7 3. Bg2 d6 4. e4 Nf6 5. Ne2 O-O 6. O-O Nbd7 7. Nbc3 c5 8. h3
Rb8 9. dxc5 Nxc5 10. Be3 b6 11. g4 Bb7 12. Ng3 Ba6 13. Re1 Nfd7 14. Bd4 Bh6 15.
Nd5 e6 16. Nb4 Bb7 17. b3 Bf4 1/2-1/2

[Event "Elit(Upsala-Manhem)"]
[Site "?"]
[Date "2009.03.13"]
[Round "9"]
[White "Johansson, Carl Fredrik"]
[Black "Fendrich, David"]
[Result "1-0"]
[WhiteElo "2219"]
[BlackElo "2276"]
[PlyCount "89"]

1. d4 Nf6 2. c4 c5 3. d5 b5 4. cxb5 a6 5. bxa6 g6 6. Nc3 Bxa6 7. e4 Bxf1 8.
Kxf1 d6 9. f4 Bg7 10. Nf3 O-O 11. e5 Ne8 12. h4 Nc7 13. h5 Nd7 14. e6 fxe6 15.
Ng5 e5 16. Qd3 Qe8 17. hxg6 Qxg6 18. Qh3 Nf6 19. f5 Nfxd5 20. g4 h6 21. Ke1 Qe8
22. Nxd5 Nxd5 23. Ne6 Ra4 24. Nxg7 Re4+ 25. Kf2 Qa4 26. Ne6 Rxg4 27. Qd3 Nb4
28. Qe2 Rxf5+ 29. Bf4 Rgxf4+ 30. Nxf4 Nd3+ 31. Qxd3 Qxf4+ 32. Ke1 Qf2+ 33. Kd1
Rf4 34. Kc1 Rd4 35. Qc2 Qe3+ 36. Kb1 Kf8 37. a4 Qf3 38. Rc1 Ke8 39. a5 Qd5 40.
a6 Rb4 41. a7 Qa8 42. Rg1 Kd7 43. Qf5+ Kc7 44. Ra3 Rb7 45. Qe6 1-0

[Event "Elit(Upsala-Manhem)"]
[Site "?"]
[Date "2009.03.13"]
[Round "9"]
[White "Moberg, Karl Johan"]
[Black "Lindberg, Henrik"]
[Result "1/2-1/2"]
[WhiteElo "2292"]
[BlackElo "2268"]
[PlyCount "87"]

1. d4 Nf6 2. c4 e6 3. Nf3 b6 4. e3 Bb7 5. Bd3 Be7 6. O-O O-O 7. Nc3 d5 8. cxd5
exd5 9. b3 Nbd7 10. Bb2 Ne4 11. Ne2 Bd6 12. Ng3 f5 13. Rc1 c6 14. Rc2 Qe7 15.
Qe2 Rae8 16. Rfc1 Qf6 17. Qf1 g5 18. Ba6 Ba8 19. Nxe4 fxe4 20. Ne1 Qg6 21. Be2
h5 22. g3 Nf6 23. Qg2 Rf7 24. a4 Ng4 25. Bxg4 hxg4 26. Ra1 Rh7 27. Ba3 Bxa3 28.
Rxa3 Kf7 29. a5 Qd6 30. Ra1 b5 31. a6 Reh8 32. Rc5 Qh6 33. Nc2 Qxh2+ 34. Qxh2
Rxh2 35. Kf1 Ke6 36. Ke2 Rh1 37. Rxh1 Rxh1 38. Nb4 Kd6 39. Kd2 Rf1 40. Ke2 Rb1
41. Rc3 Rb2+ 42. Ke1 Kd7 43. Kf1 Kd6 44. Ke1 1/2-1/2